000
00230 a2200097 4500
001
33033
100
_a
Lewis, G
245
_a
Successful Creativity in a Week
260
_a
London
_b
Hodder & Stoughton
_c
1999
090
_c
22160
_d
22160
942
_a
NUST-CAE
_c
M
_c
13515
999
_c
268106
_d
268106